[Event "Tunisia-Saxone"]
[Site "Radebeul"]
[Date "2016.07.04"]
[Round "?"]
[White "Malki, Mounir"]
[Black "Zanger, Konrad"]
[Result "0-1"]
[WhiteElo "1757"]
[BlackElo "1777"]
[PlyCount "118"]
[EventDate "2016.??.??"]

1. d4 Nf6 2. c4 g6 3. Nc3 c6 4. e4 d6 5. Bg5 Bg7 6. h3 h6 7. Bh4 O-O 8. Qc2
Nbd7 9. Nf3 a6 10. a4 c5 11. e5 dxe5 12. dxe5 Nh7 13. Rd1 g5 14. Bd3 f5 15. Bg3
e6 16. O-O Qe7 17. Rfe1 Nb8 18. a5 Nc6 19. Qa4 Qc7 20. Ra1 Nb4 21. Bb1 Bd7 22.
Qd1 Rfd8 23. Qd6 Rac8 24. Rd1 Bf8 25. Qxc7 Rxc7 26. Na4 Be7 27. Nb6 Bc6 28.
Rxd8+ Bxd8 29. Ne1 Nf8 30. f4 Rg7 31. Nc8 Bc7 32. Nd6 Bxd6 33. exd6 Rd7 34.
fxg5 hxg5 35. Be5 Ng6 36. Bh2 Kf7 37. Nd3 Nxd3 38. Bxd3 Kf6 39. Re1 e5 40. g4
Rxd6 41. Bxf5 Nf4 42. Bxf4 gxf4 43. Be4 Bxe4 44. Rxe4 b6 45. axb6 Rxb6 46. Re2
Rb4 47. Rc2 e4 48. h4 Ke5 49. h5 f3 50. h6 Kf4 51. h7 Rb8 52. Rh2 Rh8 53. Rh5
Kxg4 54. Rxc5 Rxh7 55. Re5 Kf4 56. Re6 Rb7 57. Rxa6 Rxb2 58. Ra1 Rc2 59. Ra4
Ke3 0-1

[Event "SV Eiche Reichenbrand-Slovakia"]
[Site "Radebeul"]
[Date "2016.07.04"]
[Round "?"]
[White "Fehlhammer, Michael"]
[Black "Motuz, Karol"]
[Result "0-1"]
[WhiteElo "2174"]
[BlackElo "2333"]
[PlyCount "60"]
[EventDate "2016.??.??"]

1. e4 e6 2. d4 d5 3. Nd2 Be7 4. Ngf3 Nf6 5. e5 Nfd7 6. Bd3 c5 7. c3 Nc6 8. O-O
a5 9. Re1 b6 10. Bb5 Qc7 11. c4 O-O 12. cxd5 exd5 13. dxc5 Nxc5 14. Nb3 Bg4 15.
Qxd5 Nb4 16. Qc4 Be6 17. Qc3 Nxa2 18. Rxa2 Bxb3 19. Ra1 Rfd8 20. Be3 Bd5 21.
Nd4 Qb7 22. Nf5 Bf8 23. Bxc5 bxc5 24. Bc4 Qb4 25. Bxd5 Rxd5 26. Qg3 g6 27. Qg5
Rc8 28. f4 Qxb2 29. Rxa5 Qd2 30. Rea1 Rxe5 0-1

[Event "TSG Markkleeberg von 1903-Dettmann"]
[Site "Radebeul"]
[Date "2016.07.04"]
[Round "?"]
[White "Fuchs, Joachim"]
[Black "Dettmann, Holger"]
[Result "1/2-1/2"]
[WhiteElo "1819"]
[BlackElo "2040"]
[PlyCount "45"]
[EventDate "2016.??.??"]

1. d4 Nf6 2. c4 c5 3. d5 b5 4. cxb5 a6 5. Nc3 axb5 6. e4 b4 7. Nb5 d6 8. Bf4 g6
9. Bd3 Bg7 10. Nf3 Nh5 11. Bc1 Nd7 12. O-O Nb6 13. Qc2 O-O 14. Bg5 h6 15. Be3
Nf6 16. Nd2 Ng4 17. Bf4 Ne5 18. Bxe5 Bxe5 19. Nc4 Bg7 20. a4 bxa3 21. Rxa3 Rxa3
22. Nbxa3 Ba6 23. b3 1/2-1/2

[Event "Dettmann-TSG Markkleeberg von 1903"]
[Site "Radebeul"]
[Date "2016.07.04"]
[Round "?"]
[White "Dettmann, Juergen"]
[Black "Beuger, Ronald"]
[Result "0-1"]
[WhiteElo "1604"]
[BlackElo "1776"]
[PlyCount "62"]
[EventDate "2016.??.??"]

1. d4 Nf6 2. c4 e6 3. Nf3 c5 4. e3 Nc6 5. Be2 a6 6. Nc3 d5 7. dxc5 Bxc5 8. O-O
O-O 9. cxd5 exd5 10. Na4 Ba7 11. Bd2 Qe7 12. Re1 h6 13. a3 Be6 14. Rc1 Rfd8 15.
b4 d4 16. Nc5 Bxc5 17. bxc5 Ne4 18. Qc2 Nxd2 19. Qxd2 dxe3 20. Qxe3 Qf6 21. Bc4
Bd5 22. Bxd5 Rxd5 23. Qb3 Rd7 24. Re3 Rad8 25. Rce1 Nd4 26. Qb1 Ne6 27. Qb6 Qf5
28. Ne5 Rd5 29. Nxf7 Qxf7 30. Rxe6 R8d7 31. c6 Qxe6 0-1

[Event "Deutsche Schach-Loewen-England 3"]
[Site "Radebeul"]
[Date "2016.07.04"]
[Round "?"]
[White "Carsten, Juergen"]
[Black "Thurstan, Tim M"]
[Result "0-1"]
[WhiteElo "1789"]
[BlackElo "2079"]
[PlyCount "62"]
[EventDate "2016.??.??"]

1. e4 e6 2. d4 d5 3. exd5 exd5 4. Bd3 Bd6 5. Nf3 Ne7 6. Nh4 c5 7. c3 Nbc6 8.
dxc5 Bxc5 9. O-O Be6 10. Bf4 Ng6 11. Nxg6 hxg6 12. Qe2 Qf6 13. Bg3 O-O 14. Nd2
Rfe8 15. Nf3 Bg4 16. Qd1 Re6 17. Be2 Qf5 18. h3 Bh5 19. Qd2 Re4 20. b4 Bb6 21.
b5 Na5 22. Rfe1 Rae8 23. a4 Nb3 24. Qd1 Nxa1 25. Kf1 Bxf3 26. Qxa1 Bxe2+ 27.
Kg1 Bc4 28. Rd1 Re2 29. Rf1 Ra2 30. Qc1 Bxf1 31. Qxf1 Ree2 0-1

[Event "England 3-Deutsche Schach-Loewen"]
[Site "Radebeul"]
[Date "2016.07.04"]
[Round "?"]
[White "Majer, Chris E"]
[Black "Schwieger, Wolfgang"]
[Result "1/2-1/2"]
[WhiteElo "1915"]
[BlackElo "1825"]
[PlyCount "97"]
[EventDate "2016.??.??"]

1. e4 d6 2. d4 g6 3. Nc3 Bg7 4. Be3 c6 5. Qd2 Nd7 6. f4 b5 7. a3 Nb6 8. Nf3 Nc4
9. Bxc4 bxc4 10. O-O d5 11. e5 e6 12. Na4 Ne7 13. Nc5 O-O 14. Rf2 Qc7 15. Nh4
Rb8 16. c3 Nf5 17. Nxf5 exf5 18. Re2 Rb6 19. Bf2 Be6 20. Bh4 Re8 21. Qe1 Reb8
22. Ra2 Rb5 23. Na6 Qb6 24. Nxb8 Qxb8 25. h3 a5 26. Kh2 a4 27. Rd2 Qc8 28. Qe2
h5 29. Ra1 Rb8 30. Re1 Qd7 31. Qd1 Rb3 32. Ree2 Qc8 33. Qe1 Rb8 34. Qg3 Qd7 35.
Bg5 Qc8 36. Qh4 Qd7 37. Kg1 Qe8 38. Bf6 Qd7 39. Qg5 Qc8 40. Rd1 Qd7 41. Rf1 Kh7
42. Bxg7 Kxg7 43. Kh2 Qd8 44. Qxd8 Rxd8 45. Kg3 Rb8 46. Kh4 Rb7 47. Kg5 Rb8 48.
g3 Rh8 49. Kh4 1/2-1/2

[Event "SK Kaltenkirchen-Liechtenstein"]
[Site "Radebeul"]
[Date "2016.07.04"]
[Round "?"]
[White "Pantel, Heinrich"]
[Black "Guller, Andras"]
[Result "1/2-1/2"]
[WhiteElo "1801"]
[BlackElo "2013"]
[PlyCount "74"]
[EventDate "2016.??.??"]

1. e4 c5 2. Nf3 e6 3. d4 cxd4 4. Nxd4 a6 5. Be2 Nf6 6. Nd2 Qc7 7. c3 Nc6 8.
Nxc6 dxc6 9. O-O e5 10. Qc2 Be7 11. b3 Be6 12. h3 O-O 13. Nf3 Rad8 14. Be3 b5
15. Rad1 Bc8 16. Rxd8 Rxd8 17. Rd1 Rxd1+ 18. Bxd1 c5 19. Nd2 Bb7 20. f3 Qd6 21.
c4 b4 22. Be2 Nd7 23. Qd3 Nf8 24. Qxd6 Bxd6 25. Bd3 Ne6 26. Kf2 f6 27. Nf1 Kf7
28. Ng3 g6 29. Ne2 a5 30. Bc2 Bc6 31. Nc1 Nd4 32. Bxd4 cxd4 33. Nd3 f5 34. Ne1
Ke6 35. Bd3 Be7 36. Ke2 Bh4 37. Nc2 Bg3 1/2-1/2

[Event "SV Bannewitz-Stoertebeker"]
[Site "Radebeul"]
[Date "2016.07.04"]
[Round "?"]
[White "Peglau, Markus"]
[Black "Gerhardt, Peter-Michael"]
[Result "1/2-1/2"]
[WhiteElo "1777"]
[BlackElo "2026"]
[PlyCount "61"]
[EventDate "2016.??.??"]

1. c4 Nf6 2. Nc3 g6 3. d4 Bg7 4. g3 O-O 5. Bg2 d6 6. e3 c6 7. Nge2 Nbd7 8. O-O
Qc7 9. b3 b6 10. Ba3 Bb7 11. Qc2 Rac8 12. Rac1 c5 13. Nf4 Bxg2 14. Kxg2 e6 15.
Rcd1 Qb7+ 16. Kg1 a6 17. dxc5 dxc5 18. Bb2 {(=)} Ne5 19. Ng2 h5 20. f4 Nc6 21.
Rd2 Rcd8 22. Rfd1 Rxd2 23. Rxd2 Nb4 24. Qd1 Ne4 25. Nxe4 Qxe4 26. Kf2 Nc6 27.
Bxg7 Kxg7 28. Qf3 Qxf3+ 29. Kxf3 Rd8 30. Rxd8 Nxd8 31. Ke4 {(=)} 1/2-1/2

[Event "Finland-SK Norderstedt von 1975 e.V."]
[Site "Radebeul"]
[Date "2016.07.04"]
[Round "?"]
[White "Jarnstrom, Henrik"]
[Black "Voitel, Dietrich"]
[Result "1-0"]
[WhiteElo "1808"]
[BlackElo "1559"]
[PlyCount "75"]
[EventDate "2016.??.??"]

1. e4 e6 2. d4 c6 3. Bd3 Be7 4. f4 d6 5. Nf3 Nd7 6. O-O c5 7. c3 a6 8. a4 b6 9.
Be3 Bb7 10. e5 d5 11. f5 h6 12. fxe6 fxe6 13. Bg6+ Kf8 14. Ng5+ Ngf6 15. Nxe6+
Kg8 16. Nxd8 Bxd8 17. exf6 Bxf6 18. Qg4 Nf8 19. Rxf6 Bc8 20. Bf5 Bxf5 21. Rxf5
Kh7 22. Nd2 Re8 23. Re5 Ng6 24. Rxe8 Rxe8 25. Re1 c4 26. Nf3 Re4 27. Ng5+ hxg5
28. Qh5+ Kg8 29. Qxg6 b5 30. Bf2 Rxe1+ 31. Bxe1 bxa4 32. Bg3 Kf8 33. Bd6+ Kg8
34. Be5 Kf8 35. Qxg7+ Ke8 36. Bd6 Kd8 37. Qe7+ Kc8 38. Qc7# 1-0

[Event "Mongolia Women-Schachfreunde MV"]
[Site "Radebeul"]
[Date "2016.07.04"]
[Round "?"]
[White "Soyolmaa Dashdondog"]
[Black "Mueggenburg, Rolf"]
[Result "1-0"]
[WhiteElo "1923"]
[BlackElo "1755"]
[PlyCount "51"]
[EventDate "2016.??.??"]

1. e4 d5 2. exd5 Qxd5 3. Nc3 Qa5 4. d4 c6 5. Nge2 Nf6 6. Bd2 Qc7 7. g3 e6 8.
Bg2 Nbd7 9. O-O Nb6 10. b3 Bd7 11. Ne4 Nxe4 12. Bxe4 f5 13. Bg2 O-O-O 14. c4
Be8 15. Qe1 Bf7 16. Ba5 c5 17. dxc5 Bxc5 18. b4 Bd4 19. Rc1 Qe5 20. c5 Nd5 21.
Bxd8 Rxd8 22. Nxd4 Qxd4 23. Bxd5 Rxd5 24. Qc3 Qg4 25. c6 b6 26. Qa3 1-0

[Event "Schachfreunde MV-Mongolia Women"]
[Site "Radebeul"]
[Date "2016.07.04"]
[Round "?"]
[White "Hausmann, Ulrich"]
[Black "Serjmyadag, Damdin"]
[Result "1/2-1/2"]
[WhiteElo "1737"]
[BlackElo "1949"]
[PlyCount "34"]
[EventDate "2016.??.??"]

1. f4 f5 2. Nf3 Nf6 3. e3 e6 4. d4 c5 5. c3 Nc6 6. Bd3 d5 7. O-O Bd6 8. Ne5 O-O
9. Nd2 Ne4 10. Nxe4 fxe4 11. Bb5 Ne7 12. Bd2 a6 13. Be2 Nf5 14. Bg4 Qb6 15. Rb1
Qc7 16. a3 b5 17. b4 c4 1/2-1/2

[Event "TuS Coswig 1920-SG Gera/ Meuselwitz"]
[Site "Radebeul"]
[Date "2016.07.04"]
[Round "?"]
[White "Poenisch, Wolfram"]
[Black "Hilbig, Dieter"]
[Result "1/2-1/2"]
[WhiteElo "1877"]
[BlackElo "2014"]
[PlyCount "67"]
[EventDate "2016.??.??"]

1. d4 Nf6 2. c4 e6 3. g3 d5 4. cxd5 exd5 5. Nf3 c6 6. Bg2 Bb4+ 7. Bd2 Bxd2+ 8.
Nbxd2 O-O 9. O-O Bf5 10. Nb3 Nbd7 11. Nh4 Bg4 12. h3 Bh5 13. Bf3 Bxf3 14. Nxf3
Ne4 15. Nbd2 f5 16. e3 Qf6 17. Nxe4 fxe4 18. Nh4 g5 19. Ng2 Qh6 20. Kh2 Rf7 21.
Rc1 Raf8 22. Rc2 Rf3 23. Ne1 R3f6 24. Qg4 Qg7 25. b4 Rh6 26. f4 exf3 27. Rxf3
Nf6 28. Qe6+ Kh8 29. Rf1 Re8 30. Qf5 Rxe3 31. Rcf2 Re8 32. Nd3 Kg8 33. Ne5 a6
34. Kg2 1/2-1/2

[Event "TuS Coswig 1920-SG Gera/ Meuselwitz"]
[Site "Radebeul"]
[Date "2016.07.04"]
[Round "?"]
[White "Eiselt, Peter"]
[Black "Hilbert, Stephan-Joerg"]
[Result "1/2-1/2"]
[WhiteElo "2012"]
[BlackElo "1839"]
[PlyCount "78"]
[EventDate "2016.??.??"]

1. c4 b6 2. d4 Nf6 3. Nc3 e6 4. e4 Bb4 5. Bd3 Bb7 6. f3 O-O 7. Nge2 Be7 8. O-O
d6 9. Qc2 Nbd7 10. Bg5 a6 11. Rae1 e5 12. f4 Ng4 13. Bxe7 Qxe7 14. Qd2 c6 15.
h3 Nh6 16. Bc2 Rad8 17. Rd1 f5 18. fxe5 dxe5 19. exf5 Nf6 20. Qe3 Nd7 21. dxe5
Qxe5 22. Qxe5 Nxe5 23. b3 Rde8 24. Nd4 Bc8 25. g4 Nhf7 26. Kg2 Ng5 27. Kg3 h6
28. Rfe1 g6 29. h4 Nh7 30. fxg6 Nf6 31. Bf5 Nfxg4 32. Bxc8 Rxc8 33. Rf1 h5 34.
Nf5 Nxg6 35. Rd7 Rxf5 36. Rxf5 Ne3 37. Rff7 Ne5 38. Rg7+ Kh8 39. Rge7 Nxd7
1/2-1/2

[Event "SG Gera/ Meuselwitz-TuS Coswig 1920"]
[Site "Radebeul"]
[Date "2016.07.04"]
[Round "?"]
[White "Kohl, Anke"]
[Black "Flemmer, Wolfgang"]
[Result "0-1"]
[WhiteElo "1511"]
[BlackElo "1984"]
[PlyCount "82"]
[EventDate "2016.??.??"]

1. c4 e5 2. Nc3 Nf6 3. g3 d6 4. Bg2 Be7 5. Nf3 O-O 6. O-O c6 7. d4 e4 8. Nd2 d5
9. cxd5 cxd5 10. Nb3 Nc6 11. f3 exf3 12. Bxf3 Bh3 13. Re1 Bf5 14. Bg5 Ne4 15.
Bxe7 Nxe7 16. Nc5 Nxc3 17. bxc3 b6 18. Nd3 Rc8 19. Rc1 Re8 20. Nf4 g5 21. Nh5
Qd6 22. e4 dxe4 23. Bxe4 Bg6 24. Bg2 Kf8 25. Qg4 h6 26. Rf1 Ng8 27. Qf3 Rc7 28.
Nf6 Nxf6 29. Qxf6 Qxf6 30. Rxf6 Re3 31. Rcf1 Kg7 32. Rc6 Rxc3 33. Rxc7 Rxc7 34.
d5 f5 35. Re1 Bf7 36. d6 Rd7 37. Re7 Rxe7 38. dxe7 Kf6 39. Bh3 g4 40. Bg2 Kxe7
41. Bb7 Bxa2 0-1

[Event "Emanuel-Lasker-Gesellschaft-Germany 1"]
[Site "Radebeul"]
[Date "2016.07.03"]
[Round "?"]
[White "Graf, Alexander"]
[Black "Bischoff, Klaus"]
[Result "1-0"]
[WhiteElo "2561"]
[BlackElo "2500"]
[PlyCount "53"]
[EventDate "2016.??.??"]

1. d4 Nf6 2. c4 e6 3. Nc3 Bb4 4. e3 b6 5. Nge2 c5 6. a3 Ba5 7. Rb1 Na6 8. g3
Bb7 9. d5 exd5 10. Bg2 b5 11. cxb5 Bxc3+ 12. Nxc3 Nc7 13. b4 d6 14. O-O O-O 15.
a4 Qe7 16. Ba3 c4 17. Bb2 Rfc8 18. Rc1 Rab8 19. Ne2 Ba8 20. Bd4 Nce8 21. Qd2
Rc7 22. Bxf6 Nxf6 23. Rfd1 d4 24. Bxa8 dxe3 25. Qxe3 Rxa8 26. Qxe7 Rxe7 27. Nf4
1-0

[Event "England 2-Armenia"]
[Site "Radebeul"]
[Date "2016.07.03"]
[Round "?"]
[White "Lauterbach, Ingrid"]
[Black "Movsziszian, Karen"]
[Result "0-1"]
[WhiteElo "2107"]
[BlackElo "2488"]
[PlyCount "70"]
[EventDate "2016.??.??"]

1. e4 c5 2. Nf3 g6 3. d4 Bg7 4. c3 cxd4 5. Nxd4 d6 6. Bb5+ Nd7 7. O-O Ngf6 8.
Qe2 O-O 9. f4 Qc7 10. Nf3 a6 11. Bd3 Nc5 12. Bc2 b5 13. e5 dxe5 14. Nxe5 Bb7
15. Nd2 e6 16. Ndf3 Rad8 17. Kh1 Nd5 18. c4 bxc4 19. Qxc4 a5 20. Nd4 Nxf4 21.
Bxf4 Bxe5 22. Bxe5 Qxe5 23. Nf3 Bxf3 24. Rxf3 Qxb2 25. Rb1 Qd4 26. Qf1 Qd2 27.
Qc4 Nd7 28. Qa4 Ne5 29. Rd1 Qe2 30. Rff1 Rxd1 31. Rxd1 Rc8 32. Bb3 Ng4 33. Qd7
Rb8 34. Rc1 Qe5 35. g3 Qe4+ 0-1

[Event "Germany 1 Women-SV Eiche Reichenbrand"]
[Site "Radebeul"]
[Date "2016.07.03"]
[Round "?"]
[White "Mai, Iris"]
[Black "Fehlhammer, Michael"]
[Result "1/2-1/2"]
[WhiteElo "2094"]
[BlackElo "2174"]
[PlyCount "114"]
[EventDate "2016.??.??"]

1. d4 e6 2. c4 Nf6 3. Nc3 Bb4 4. Qc2 O-O 5. a3 Bxc3+ 6. Qxc3 b6 7. Bg5 Bb7 8.
f3 d5 9. Nh3 c5 10. cxd5 cxd4 11. Qxd4 Nc6 12. Qh4 exd5 13. Rd1 Re8 14. Bxf6
gxf6 15. g4 Ne5 16. Kf2 Qe7 17. Qh6 Rac8 18. Rg1 Ng6 19. Qd2 d4 20. Rg3 Red8
21. Kg1 Bd5 22. Nf2 Bb3 23. Rc1 Qe3 24. Qxe3 dxe3 25. Nd3 Rxc1 26. Nxc1 Bc4 27.
b3 Rd1 28. bxc4 Rxc1 29. f4 Rxc4 30. Rxe3 Rxf4 31. h3 Kg7 32. Bg2 Ra4 33. Bc6
Rc4 34. Bb5 Rc5 35. a4 Ne5 36. Kg2 h6 37. Re4 Rc3 38. Rd4 Kg6 39. Rf4 Re3 40.
Rf5 Ra3 41. Rf4 Rc3 42. h4 Rb3 43. Re4 Rc3 44. Rd4 Rc5 45. Kg3 f5 46. Rd6+ f6
47. Be8+ Kg7 48. gxf5 Rc3+ 49. Kg2 Re3 50. Bb5 Re4 51. Re6 a6 52. Bxa6 Rxa4 53.
Rxb6 Rxh4 54. Rb7+ Kg8 55. Rb8+ Kg7 56. Rb7+ Kf8 57. Rb8+ Kg7 1/2-1/2

[Event "TSG Markkleeberg von 1903-Rochade Biele"]
[Site "Radebeul"]
[Date "2016.07.03"]
[Round "?"]
[White "Fuchs, Joachim"]
[Black "Thoele, Wolfgang"]
[Result "1/2-1/2"]
[WhiteElo "1819"]
[BlackElo "1990"]
[PlyCount "31"]
[EventDate "2016.??.??"]

1. d4 d5 2. c4 e6 3. cxd5 exd5 4. Nf3 Nf6 5. Nc3 Nbd7 6. Bg5 c6 7. e3 Bd6 8.
Bd3 h6 9. Bh4 O-O 10. O-O b6 11. Re1 Bb7 12. Rc1 Rc8 13. e4 dxe4 14. Nxe4 Be7
15. Ne5 Nxe4 16. Bxe7 1/2-1/2

[Event "HannoBer-Dettmann"]
[Site "Radebeul"]
[Date "2016.07.03"]
[Round "?"]
[White "Dellos, Peter"]
[Black "Dettmann, Juergen"]
[Result "1-0"]
[WhiteElo "1890"]
[BlackElo "1604"]
[PlyCount "53"]
[EventDate "2016.??.??"]

1. e4 e5 2. Nf3 Nc6 3. Bb5 d6 4. d4 exd4 5. Nxd4 Bd7 6. Nxc6 Bxc6 7. Bxc6+ bxc6
8. O-O Be7 9. Nc3 Nf6 10. b3 O-O 11. Bb2 Rb8 12. Qe2 Qc8 13. Rad1 Nd7 14. Rd3
Bf6 15. Rh3 Nc5 16. f4 Re8 17. Qh5 h6 18. g4 Nxe4 19. g5 Nxg5 20. fxg5 Bxg5 21.
Qxf7+ Kh7 22. Ne4 Qg4+ 23. Rg3 Be3+ 24. Kh1 Qxe4+ 25. Rff3 Re7 26. Rxg7+ Kh8
27. Rh7# 1-0

[Event "Liechtenstein-Oberoesterreich"]
[Site "Radebeul"]
[Date "2016.07.03"]
[Round "?"]
[White "Kock, Hans-Uwe"]
[Black "Schulz, Peter"]
[Result "1/2-1/2"]
[WhiteElo "2004"]
[BlackElo "2068"]
[PlyCount "112"]
[EventDate "2016.??.??"]

1. d4 Nf6 2. c4 g6 3. Nc3 d5 4. h4 h5 5. Bg5 dxc4 6. e4 c5 7. d5 Qa5 8. Bxf6
exf6 9. Bxc4 Bd6 10. Nge2 O-O 11. O-O a6 12. a4 Nd7 13. f4 Nb6 14. Bd3 Bg4 15.
Qc1 Kg7 16. Re1 Nd7 17. Kf1 Rac8 18. b3 Qb4 19. Rb1 Rfe8 20. Nd1 b5 21. axb5
axb5 22. Nf2 Ra8 23. Nxg4 hxg4 24. g3 Ra2 25. Nc3 Ra6 26. Nd1 Nb6 27. Nf2 Ra2
28. Nxg4 Qd4 29. Qe3 Qxe3 30. Nxe3 c4 31. bxc4 Nxc4 32. Nxc4 bxc4 33. Bxc4 Rd2
34. Re2 Rxe2 35. Bxe2 Rxe4 36. Rb6 Ba3 37. Rc6 Rd4 38. Bf3 Rd2 39. Rc4 Rb2 40.
Be4 Bf8 41. Rc2 Rxc2 42. Bxc2 f5 43. Ke2 Kf6 44. Kd3 Bc5 45. Ke2 Bb4 46. Bd3
Bc5 47. Bb5 Bb4 48. Kf3 Bc5 49. g4 fxg4+ 50. Kxg4 Bd6 51. Bd3 Bc7 52. f5 Bd6
53. Bc2 Bc7 54. h5 gxf5+ 55. Bxf5 Kg7 56. Kf3 Kh8 1/2-1/2

[Event "Blue Wonder-Schachklub Heidenau"]
[Site "Radebeul"]
[Date "2016.07.03"]
[Round "?"]
[White "Grossmann, Frank"]
[Black "Weichelt, Stefan"]
[Result "1/2-1/2"]
[WhiteElo "1808"]
[BlackElo "1980"]
[PlyCount "27"]
[EventDate "2016.??.??"]

1. e4 c5 2. Nc3 Nc6 3. Nge2 g6 4. g3 Bg7 5. Bg2 d6 6. O-O Nf6 7. d3 O-O 8. Bg5
h6 9. Be3 Ng4 10. Qd2 Kh7 11. h3 Nxe3 12. Qxe3 Rb8 13. a4 a6 14. Rab1 1/2-1/2

[Event "Norway Mix-Mongolia Women"]
[Site "Radebeul"]
[Date "2016.07.03"]
[Round "?"]
[White "Rorvik, Jon F"]
[Black "Bayarmaa, Gendenjamc"]
[Result "1-0"]
[WhiteElo "2145"]
[BlackElo "1929"]
[PlyCount "89"]
[EventDate "2016.??.??"]

1. c4 e6 2. g3 d5 3. Bg2 f5 4. Nf3 Nf6 5. O-O Be7 6. b3 O-O 7. Bb2 c6 8. d3 Na6
9. Nbd2 Qe8 10. Ne5 Qh5 11. e3 Qxd1 12. Rfxd1 Rd8 13. Ndf3 h6 14. Rac1 Bd6 15.
Bc3 Kf8 16. Rb1 Bd7 17. Nxd7+ Rxd7 18. d4 Ne4 19. Be1 Bb4 20. Ne5 Rc7 21. Rb2
Ba3 22. Re2 Rd8 23. f3 Nf6 24. c5 b6 25. Nd3 Rb8 26. cxb6 axb6 27. g4 Bd6 28.
h3 g6 29. e4 dxe4 30. fxe4 fxe4 31. Bxe4 Kf7 32. Bg2 c5 33. Ne5+ Kg7 34. Nc4
Bf4 35. Rxe6 Rd7 36. d5 Re8 37. Rxb6 Nc7 38. Bc3 Rf8 39. a4 Nce8 40. a5 Rff7
41. Ne5 Bxe5 42. Bxe5 Rfe7 43. Ba1 Rd6 44. Rxd6 Nxd6 45. Rf1 1-0

[Event "Stoertebeker-SG Gera/ Meuselwitz"]
[Site "Radebeul"]
[Date "2016.07.03"]
[Round "?"]
[White "Buck, Klaus-Michael"]
[Black "Kohl, Anke"]
[Result "1/2-1/2"]
[WhiteElo "1680"]
[BlackElo "1511"]
[PlyCount "163"]
[EventDate "2016.??.??"]

1. Nf3 d5 2. b3 Nf6 3. Bb2 e6 4. e3 Bd6 5. c4 c6 6. cxd5 cxd5 7. Bb5+ Bd7 8.
Qe2 O-O 9. O-O a6 10. Bxd7 Nbxd7 11. Rc1 Rc8 12. Nc3 e5 13. d3 Qa5 14. a3 Qb6
15. b4 Rfe8 16. Qd1 e4 17. dxe4 dxe4 18. Nd4 Be5 19. Na4 Qd8 20. Rxc8 Qxc8 21.
Rc1 Qb8 22. g3 Qd6 23. Qc2 b5 24. Nc5 Nxc5 25. Qxc5 Qd7 26. Kg2 Qg4 27. h3 Qd7
28. Qc6 Qxc6 29. Rxc6 Ra8 30. Bc3 Nd7 31. Ne2 f5 32. Bxe5 Nxe5 33. Rc5 Re8 34.
Nd4 g6 35. Rc7 Nc4 36. Ra7 Nxa3 37. Rxa6 Nc4 38. Nxb5 Rb8 39. Rc6 Nxe3+ 40.
fxe3 Rxb5 41. Rc4 h5 42. h4 Rb6 43. Rd4 Kf7 44. Kf2 Ke6 45. Ke2 Ra6 46. Rd2 Ra3
47. Rb2 Kd6 48. b5 Kc7 49. b6+ Kb7 50. Rd2 Ra6 51. Rd7+ Kxb6 52. Rg7 Kc5 53.
Kd2 Kd5 54. Ke2 Ke5 55. Rg8 Kf6 56. Rf8+ Kg7 57. Rd8 Ra7 58. Rb8 Ra2+ 59. Kf1
Kh6 60. Ke1 Kh7 61. Kf1 Ra1+ 62. Kf2 Ra2+ 63. Kf1 Rd2 64. Rb7+ Kh6 65. Rb6 Rd7
66. Ke2 Rg7 67. Kf2 Kh7 68. Rb5 Rg8 69. Rb7+ Rg7 70. Rb8 g5 71. Rb5 Kg6 72.
Rb6+ Kf7 73. Rh6 gxh4 74. gxh4 Rg4 75. Rxh5 Kg6 76. Rh8 f4 77. exf4 Rxf4+ 78.
Ke3 Rg4 79. Rg8+ Kh5 80. Rh8+ Kg6 81. Rg8+ Kh5 82. Rxg4 1/2-1/2

[Event "SV Bannewitz-Schachfreunde MV"]
[Site "Radebeul"]
[Date "2016.07.03"]
[Round "?"]
[White "Peglau, Markus"]
[Black "Sager, Bernd"]
[Result "1/2-1/2"]
[WhiteElo "1777"]
[BlackElo "1901"]
[PlyCount "93"]
[EventDate "2016.??.??"]

1. c4 c5 2. Nf3 Nf6 3. d4 cxd4 4. Nxd4 Nc6 5. Nc3 a6 6. e4 Qa5 7. f3 e6 8. Nb3
Qc7 9. Bd3 Bd6 10. g3 Ne5 11. f4 Nxd3+ 12. Qxd3 Bb4 13. Bd2 O-O 14. O-O-O b5
15. cxb5 Bb7 16. Rhe1 Bxc3 17. Bxc3 d5 18. exd5 Bxd5 19. bxa6 Qc6 20. Nd4 Qa4
21. a3 Rfb8 22. f5 Rxa6 23. fxe6 fxe6 24. Rd2 Bc4 25. Qc2 Qe8 26. Nf5 Bb3 27.
Qd3 Rc6 28. Nd4 Bc4 29. Qf3 Bd5 30. Qe3 Rcb6 31. Nc2 Qc8 32. Nb4 Bb3 33. Qd4
R6b7 34. Kb1 Qe8 35. Rf2 Rd7 36. Qh4 Rbd8 37. Rff1 Qg6+ 38. Ka1 Nd5 39. Nxd5
Rxd5 40. Rc1 Qd3 41. Rfe1 Qf3 42. Qe7 R5d7 43. Qb4 Bd5 44. Qf4 Qd3 45. b4 Qa6
46. Bb2 Qa4 47. Qe3 1/2-1/2

[Event "SV Bannewitz-Schachfreunde MV"]
[Site "Radebeul"]
[Date "2016.07.03"]
[Round "?"]
[White "Seifert, Klaus"]
[Black "Hausmann, Ulrich"]
[Result "1/2-1/2"]
[WhiteElo "1886"]
[BlackElo "1737"]
[PlyCount "84"]
[EventDate "2016.??.??"]

1. e4 e5 2. Nf3 d6 3. d4 Nc6 4. Bb5 exd4 5. Nxd4 Bd7 6. Bxc6 bxc6 7. Nc3 Nf6 8.
Qf3 Be7 9. e5 Bg4 10. Qg3 dxe5 11. Qxe5 Bd7 12. Bf4 Rc8 13. O-O-O O-O 14. Nxc6
Bd6 15. Qxd6 cxd6 16. Nxd8 Rfxd8 17. Bxd6 Be6 18. Be7 Rxd1+ 19. Rxd1 Ng4 20. f3
Ne3 21. Rd2 Nf1 22. Rd8+ Rxd8 23. Bxd8 Nxh2 24. b4 Nf1 25. a4 Ne3 26. g4 f5 27.
g5 h5 28. gxh6 gxh6 29. b5 Nc4 30. a5 Bd7 31. b6 axb6 32. axb6 Bc6 33. f4 Kf7
34. Ne2 Kg6 35. Nd4 Be4 36. Ne6 Kh5 37. Nc5 Nd6 38. Bc7 Nb7 39. Nxe4 fxe4 40.
Kd2 Kg4 41. Ke3 Kf5 42. c4 h5 1/2-1/2

[Event "TuS Coswig 1920-Deutsche Schach-Loewen"]
[Site "Radebeul"]
[Date "2016.07.03"]
[Round "?"]
[White "Poenisch, Wolfram"]
[Black "Buchholz, Ralf"]
[Result "1/2-1/2"]
[WhiteElo "1877"]
[BlackElo "1926"]
[PlyCount "41"]
[EventDate "2016.??.??"]

1. d4 d5 2. e3 Nf6 3. f4 e6 4. Nf3 c5 5. c3 Nc6 6. Bd3 Ne4 7. Nbd2 f5 8. O-O
Be7 9. Ne5 Nxe5 10. fxe5 O-O 11. Be2 Bd7 12. Nxe4 fxe4 13. Rxf8+ Qxf8 14. Bd2
b5 15. a3 a5 16. Qe1 c4 17. Qd1 Bg5 18. Qf1 Qe7 19. Qf2 Rf8 20. Qe1 a4 21. Bg4
1/2-1/2

[Event "TuS Coswig 1920-Deutsche Schach-Loewen"]
[Site "Radebeul"]
[Date "2016.07.03"]
[Round "?"]
[White "Eiselt, Peter"]
[Black "Carsten, Juergen"]
[Result "1-0"]
[WhiteElo "2012"]
[BlackElo "1789"]
[PlyCount "59"]
[EventDate "2016.??.??"]

1. c4 e5 2. Nc3 c6 3. Nf3 d6 4. d4 exd4 5. Nxd4 Nf6 6. e4 Be7 7. Be2 O-O 8. O-O
d5 9. cxd5 cxd5 10. e5 Ne4 11. Qc2 Nxc3 12. Qxc3 Nd7 13. f4 Bc5 14. Be3 Qb6 15.
a3 a5 16. Rab1 Qd8 17. Bf3 Ba7 18. Rfd1 Re8 19. Nb5 Bxe3+ 20. Qxe3 Nb6 21. Qc5
Bf5 22. Rbc1 Rc8 23. Qd4 Rc4 24. Rxc4 Nxc4 25. Bxd5 Nxe5 26. fxe5 Qe7 27. Nd6
Qxe5 28. Nxe8 Qxe8 29. Bb3 Bd3 30. Qxd3 1-0

[Event "Belgium 2-TuR Dresden"]
[Site "Radebeul"]
[Date "2016.07.03"]
[Round "?"]
[White "De Reymaeker, Walter"]
[Black "Heinze, Peter"]
[Result "1-0"]
[WhiteElo "1889"]
[BlackElo "1635"]
[PlyCount "79"]
[EventDate "2016.??.??"]

1. c4 Nf6 2. g3 e5 3. Bg2 Bc5 4. e3 d6 5. Ne2 O-O 6. O-O Re8 7. Nbc3 c6 8. d4
Bb6 9. h3 Bf5 10. e4 Be6 11. d5 cxd5 12. cxd5 Bd7 13. b4 Na6 14. Qb3 Nc7 15. a4
a6 16. Ba3 Bd4 17. Rad1 Ba7 18. Rb1 b5 19. a5 Rc8 20. Bc1 h6 21. Nd1 Re7 22.
Be3 Bxe3 23. Nxe3 Nce8 24. Rbc1 Nh7 25. g4 Ng5 26. Ng3 g6 27. Qb2 h5 28. h4 Nh7
29. gxh5 g5 30. hxg5 Nxg5 31. Nef5 Bxf5 32. Nxf5 Rec7 33. Qd2 Rc4 34. Qe3 R8c7
35. Rxc4 Rxc4 36. f4 exf4 37. Qxf4 Qf6 38. Qg4 Kh7 39. Ne3 Qd4 40. Qxg5 1-0